00832nam a2200205 a 450000100100000000500170001000800410002704000250006808200220009310000240011524500880013925000110022726000410023830000210027950000740030070000330037404900090040795201930041699900170060900003475520200930073901.0111019s1963 mx 000 0 spa d aDO-SdBNPbspacBNPHU axxxxbP346e, 19631 aPayot, Julio94819213aLa educación de la voluntad /cJulio Payot ; presentación Alberto Casal Castel. a6a ed. aMéxico, :bEditorial Diana,c1963. a267 p. ;c19 cm. aIncluye referencias bibliográficas y notas al pie de las páginas.12aCasal Castel, Alberto948193 aBNGR 001050718MOaGRbGRcCTd2011-10-19iLF1l0oxxxx P346e, 1963p34755-10r2020-06-25w2020-06-25y1zPerteneció a la biblioteca personal de Juan Isidro Jimenes GrullónZNo se presta c34246d34246